000 00743nam a2200253 a 4500
001 53718
003 BD-RjUL
005 20211209080017.0
008 161024s1969 nyua|||| |||| 001 0 eng d
035 _a(BD-RjUL)53840
040 _aBD-RjUL
_beng
_cBD-RjUL
041 _aeng
082 _223
_a658
_bDAM 1969
100 _a Dale, Ernest
_9160513
245 _aManagement :
_btheory and practice /
_cErnest Dale
250 _a2nd, ed.
260 _aNew York :
_bMcGraw-Hill Book Company,
_cc1969.
300 _axiii, 786 p. :
_bill. ;
_c22 cm.
490 _a McGraw-Hill series in management
500 _aIncludes index
650 _a Industrial management.
_9160514
650 _a Personnel management
_9160515
942 _2ddc
_cBK
999 _c53718
_d53718